000 00369nam a2200157Ia 4500
008 210210b1955 xxu||||| |||| 00| 0 eng d
041 _aeng
082 _a829/472
100 _aGRAY (Zane)
245 _aDesert gold
260 _aLondon
_bThomas Nelson and Sons Limited
_c1955
650 _agold
650 _aDesert
690 _aEnglish Fiction
906 _a017075
999 _c137033
_d137033